[Event "LSS No Engine Cup 211 Preliminary 0"]
[Site "LSS email"]
[Date "2020.12.15"]
[Round "?"]
[White "Grillo, Roberto"]
[Black "Helmbrecht, John R"]
[Result "1-0"]
[WhiteElo "2044"]
[BlackElo "1757"]
[PlyCount "77"]
[EventDate "2020.12.15"]
[EventType "tourn (corr)"]
[EventRounds "6"]
[EventCountry "GER"]
[SourceTitle "Corr 2022"]
[Source "ChessBase"]
[SourceDate "2021.10.24"]
[SourceVersion "1"]
[SourceVersionDate "2021.10.24"]
[SourceQuality "1"]

1. d4 d5 2. c4 e6 3. Nf3 Nf6 4. g3 dxc4 5. Bg2 a6 6. 0-0 Nc6 7. Nc3 Rb8 8. e4 Be7 9. Qe2 b5 10. Rd1 0-0 11. d5 exd5 12. e5 d4 13. exf6 Bxf6 14. Qe4 Bb7 15. Nd5 Nb4 16. Nxf6+ Qxf6 17. Qf4 c5 18. Qxf6 gxf6 19. Bf4 Rbc8 20. Bd6 Rfd8 21. Be7 Re8 22. Bxf6 h6 23. a3 Nd3 24. Rab1 Be4 25. Ne1 Bxg2 26. Kxg2 Ne5 27. Bxe5 Rxe5 28. Kf1 Kg7 29. Nf3 Rd5 30. Rbc1 Kf6 31. Nh4 a5 32. a4 Rb8 33. Ng2 bxa4 34. Nf4 Rf5 35. Rxc4 Rb4 36. Rxb4 axb4 37. Ke2 Ke5 38. Kd3 Kd6 39. Kc4 1-0

[Event "LSS No Engine Cup 211 Preliminary 0"]
[Site "LSS email"]
[Date "2020.12.15"]
[Round "?"]
[White "Helmbrecht, John R"]
[Black "Lonyuk, Bohdan"]
[Result "1-0"]
[WhiteElo "1757"]
[BlackElo "1718"]
[PlyCount "81"]
[EventDate "2020.12.15"]
[EventType "tourn (corr)"]
[EventRounds "6"]
[EventCountry "GER"]
[SourceTitle "Corr 2022"]
[Source "ChessBase"]
[SourceDate "2021.10.24"]
[SourceVersion "1"]
[SourceVersionDate "2021.10.24"]
[SourceQuality "1"]

1. d4 Nf6 2. Nf3 g6 3. g3 Bg7 4. Bg2 d5 5. 0-0 0-0 6. c4 dxc4 7. Na3 c3 8. bxc3 c5 9. e3 Nc6 10. Qe2 Bf5 11. Rd1 Qb6 12. Nd2 cxd4 13. cxd4 Rac8 14. Nb3 Na5 15. Qb5 Qxb5 16. Nxb5 Nxb3 17. axb3 a6 18. Na3 Be4 19. Bxe4 Nxe4 20. Bb2 b5 21. Rac1 e6 22. Kg2 b4 23. Nc4 Rfd8 24. Kf3 Nf6 25. Nb6 Rxc1 26. Rxc1 Nd5 27. Na4 a5 28. Rc5 Ra8 29. h3 Bf8 30. Rc6 h5 31. Ke2 Nf6 32. Kd3 Ra7 33. e4 Nh7 34. Bc1 Kg7 35. Be3 Be7 36. d5 exd5 37. Bxa7 dxe4+ 38. Kxe4 Ng5+ 39. Ke3 Nxh3 40. Bd4+ Kh6 41. Bf6 1-0

[Event "LSS No Engine Cup 200 Preliminary 0"]
[Site "LSS email"]
[Date "2020.02.23"]
[Round "?"]
[White "Nemchenko, Valery"]
[Black "Helmbrecht, John R"]
[Result "1-0"]
[WhiteElo "1600"]
[BlackElo "1816"]
[PlyCount "63"]
[EventDate "2020.02.23"]
[EventType "tourn (corr)"]
[EventRounds "6"]
[EventCountry "GER"]
[SourceTitle "Corr 2022"]
[Source "ChessBase"]
[SourceDate "2021.10.24"]
[SourceVersion "1"]
[SourceVersionDate "2021.10.24"]
[SourceQuality "1"]

1. e4 e5 2. Nf3 Nc6 3. Bb5 a6 4. Ba4 Nf6 5. 0-0 Be7 6. c3 b5 7. Bb3 d6 8. d3 0-0 9. h3 Na5 10. Bc2 c5 11. Be3 Bb7 12. Nbd2 Rc8 13. Nb3 Nc6 14. d4 exd4 15. cxd4 c4 16. Nbd2 Nb4 17. a4 Nxc2 18. Qxc2 d5 19. axb5 axb5 20. Ra7 Qb6 21. Rfa1 Ra8 22. Rxa8 Rxa8 23. Rxa8+ Bxa8 24. e5 Nd7 25. Bg5 Bf8 26. Nf1 b4 27. Bf4 g6 28. Ne3 Bg7 29. Ng4 Nf8 30. Bh6 Ne6 31. Bxg7 Nxg7 32. Nf6+ 1-0

[Event "LSS No Engine Cup 198 Preliminary 0"]
[Site "LSS email"]
[Date "2020.02.02"]
[Round "?"]
[White "Helmbrecht, John R"]
[Black "Stevens, Michael"]
[Result "0-1"]
[WhiteElo "1814"]
[BlackElo "1812"]
[PlyCount "62"]
[EventDate "2020.02.02"]
[EventType "tourn (corr)"]
[EventRounds "6"]
[EventCountry "GER"]
[SourceTitle "Corr 2022"]
[Source "ChessBase"]
[SourceDate "2021.10.24"]
[SourceVersion "1"]
[SourceVersionDate "2021.10.24"]
[SourceQuality "1"]

1. d4 Nf6 2. c4 e6 3. Nf3 b6 4. g3 Bb7 5. Bg2 Be7 6. 0-0 0-0 7. Re1 c5 8. d5 exd5 9. Nh4 Ne4 10. cxd5 Bxh4 11. Bxe4 Bf6 12. Nc3 d6 13. Bf4 Re8 14. Qc2 g6 15. Bg2 a6 16. a4 Be5 17. Bxe5 Rxe5 18. Rad1 Nd7 19. f4 Re8 20. e4 Rb8 21. Re3 c4 22. b3 cxb3 23. Qxb3 Nc5 24. Qa3 Bc8 25. Rde1 b5 26. axb5 axb5 27. Na2 Qb6 28. Kh1 b4 29. Qb2 Ba6 30. Nc1 b3 31. e5 Bc4 0-1

[Event "LSS No Engine Cup 198 Preliminary 0"]
[Site "LSS email"]
[Date "2020.02.02"]
[Round "?"]
[White "Herzog, Klaus"]
[Black "Helmbrecht, John R"]
[Result "1-0"]
[WhiteElo "2112"]
[BlackElo "1814"]
[PlyCount "75"]
[EventDate "2020.02.02"]
[EventType "tourn (corr)"]
[EventRounds "6"]
[EventCountry "GER"]
[SourceTitle "Corr 2022"]
[Source "ChessBase"]
[SourceDate "2021.10.24"]
[SourceVersion "1"]
[SourceVersionDate "2021.10.24"]
[SourceQuality "1"]

1. e4 e5 2. Nf3 Nc6 3. Nc3 Nf6 4. d4 exd4 5. Nxd4 Bb4 6. Nxc6 bxc6 7. Bd3 d5 8. exd5 cxd5 9. 0-0 0-0 10. h3 c6 11. Bf4 Bd6 12. Qf3 Qc7 13. Bxd6 Qxd6 14. Qg3 Qxg3 15. fxg3 c5 16. Rxf6 gxf6 17. Nxd5 f5 18. Ne7+ Kg7 19. Rf1 Rb8 20. b3 Rb6 21. Nxc8 Rxc8 22. Rxf5 h6 23. Rd5 Rc7 24. g4 Re6 25. g5 hxg5 26. Rxg5+ Kf6 27. Rf5+ Kg7 28. a4 Rf6 29. Rg5+ Kh6 30. h4 Rf4 31. g3 Rf3 32. Kg2 Re3 33. Kf2 Re6 34. g4 Rf6+ 35. Kg2 Re6 36. Rg8 Rce7 37. g5+ Kh5 38. Kf3 1-0

[Event "LSS No Engine Cup 193 Preliminary 0"]
[Site "LSS email"]
[Date "2019.09.09"]
[Round "?"]
[White "Jenneborg, Seved"]
[Black "Helmbrecht, John R"]
[Result "1-0"]
[WhiteElo "2250"]
[BlackElo "1832"]
[PlyCount "33"]
[EventDate "2019.09.10"]
[EventType "tourn (corr)"]
[EventRounds "6"]
[EventCountry "GER"]
[SourceTitle "Corr 2022"]
[Source "ChessBase"]
[SourceDate "2021.10.24"]
[SourceVersion "1"]
[SourceVersionDate "2021.10.24"]
[SourceQuality "1"]

1. Nf3 Nf6 2. c4 e6 3. Nc3 Bb4 4. e3 0-0 5. d4 d5 6. Be2 dxc4 7. Bxc4 b6 8. 0-0 Bb7 9. a3 Bd6 10. Qe2 Nbd7 11. e4 e5 12. Rd1 exd4 13. Nxd4 Be5 14. f4 Bxd4+ 15. Rxd4 c5 16. Rd1 Qc7 17. e5 1-0

[Event "LSS No Engine Cup 193 Preliminary 0"]
[Site "LSS email"]
[Date "2019.09.09"]
[Round "?"]
[White "Pech, Jaroslav Sr"]
[Black "Helmbrecht, John R"]
[Result "0-1"]
[WhiteElo "1564"]
[BlackElo "1832"]
[PlyCount "58"]
[EventDate "2019.09.10"]
[EventType "tourn (corr)"]
[EventRounds "6"]
[EventCountry "GER"]
[SourceTitle "Corr 2022"]
[Source "ChessBase"]
[SourceDate "2021.10.24"]
[SourceVersion "1"]
[SourceVersionDate "2021.10.24"]
[SourceQuality "1"]

1. e4 e5 2. Nf3 Nc6 3. Bb5 a6 4. Ba4 Nf6 5. 0-0 Be7 6. Re1 b5 7. Bb3 d6 8. c3 Na5 9. Bc2 c5 10. d4 exd4 11. cxd4 Bg4 12. dxc5 dxc5 13. Qxd8+ Rxd8 14. Ne5 Be6 15. Bd2 Nc4 16. Nxc4 Bxc4 17. e5 Nd7 18. Ba5 Rc8 19. f4 Bd8 20. Bxd8 Rxd8 21. Nc3 Nb6 22. Ne4 0-0 23. Nxc5 Rd2 24. Rac1 Bxa2 25. Ne4 Rd4 26. Ra1 Bd5 27. Rxa6 Na4 28. Rd6 Bxe4 29. Bxe4 Rb4 0-1

[Event "SE-2019-0-00301"]
[Site "LSS email"]
[Date "2019.09.07"]
[Round "?"]
[White "Lonyuk, Bohdan"]
[Black "Helmbrecht, John R"]
[Result "0-1"]
[WhiteElo "1371"]
[BlackElo "1353"]
[PlyCount "44"]
[EventDate "2019.07.09"]
[EventType "tourn (corr)"]
[EventRounds "6"]
[EventCountry "GER"]
[SourceTitle "Corr 2022"]
[Source "ChessBase"]
[SourceDate "2021.10.24"]
[SourceVersion "1"]
[SourceVersionDate "2021.10.24"]
[SourceQuality "1"]

1. e4 e5 2. f4 exf4 3. Nf3 d6 4. Bc4 h6 5. d4 g5 6. h4 Bg7 7. hxg5 hxg5 8. Rxh8 Bxh8 9. Kf2 Nf6 10. Nc3 Bg4 11. Qh1 Nh5 12. g3 fxg3+ 13. Kg2 Qf6 14. Be2 Nc6 15. Nd5 Qd8 16. Bxg5 Bxf3+ 17. Bxf3 Qxg5 18. Nxc7+ Kd7 19. Nxa8 Nf4+ 20. Kf1 Bxd4 21. c3 Qb5+ 22. Ke1 Bf2+ 0-1

[Event "SE-2019-0-00296"]
[Site "LSS email"]
[Date "2019.07.01"]
[Round "?"]
[White "Helmbrecht, John R"]
[Black "Alonso, Sergio"]
[Result "1-0"]
[WhiteElo "1397"]
[BlackElo "1274"]
[PlyCount "61"]
[EventDate "2019.02.11"]
[EventType "tourn (corr)"]
[EventRounds "6"]
[EventCountry "GER"]
[SourceTitle "Corr 2022"]
[Source "ChessBase"]
[SourceDate "2021.10.24"]
[SourceVersion "1"]
[SourceVersionDate "2021.10.24"]
[SourceQuality "1"]

1. e4 e5 2. Nf3 Nc6 3. Bb5 Nf6 4. d3 Bc5 5. c3 0-0 6. 0-0 d6 7. Nbd2 a6 8. Ba4 Ba7 9. h3 Ne7 10. Re1 Ng6 11. Nf1 c6 12. Ng3 d5 13. exd5 Qxd5 14. Bb3 Qd6 15. Be3 Bxe3 16. Rxe3 b6 17. Qe1 Nd7 18. Rd1 Qc7 19. d4 exd4 20. Nxd4 Nc5 21. Bc2 Bd7 22. Ndf5 Bxf5 23. Nxf5 Rad8 24. Ne7+ Nxe7 25. Rxd8 Qxd8 26. Rxe7 Ne6 27. Ra7 Nc7 28. Qe4 g6 29. Qxc6 Qd2 30. Qxc7 Qxc2 31. Rxa6 1-0

[Event "SE-2019-0-00296"]
[Site "LSS email"]
[Date "2019.07.01"]
[Round "?"]
[White "Helmbrecht, John R"]
[Black "Csaba, Fodor"]
[Result "0-1"]
[WhiteElo "1397"]
[BlackElo "1302"]
[PlyCount "60"]
[EventDate "2019.02.11"]
[EventType "tourn (corr)"]
[EventRounds "6"]
[EventCountry "GER"]
[SourceTitle "Corr 2022"]
[Source "ChessBase"]
[SourceDate "2021.10.24"]
[SourceVersion "1"]
[SourceVersionDate "2021.10.24"]
[SourceQuality "1"]

1. d4 d5 2. c4 e6 3. Nc3 Nf6 4. cxd5 exd5 5. Nf3 Be7 6. Bg5 h6 7. Bh4 Be6 8. Qb3 Nbd7 9. e3 0-0 10. Be2 c6 11. 0-0 Qb6 12. Qc2 Bd6 13. a3 Rfe8 14. b4 a5 15. bxa5 Qxa5 16. a4 Bg4 17. h3 Bxf3 18. Bxf3 g5 19. Bg3 Bxg3 20. fxg3 Rxe3 21. Rfc1 Rae8 22. Rab1 Qa7 23. Rd1 Ne5 24. Be2 Kg7 25. Kh2 Nc4 26. Bxc4 dxc4 27. Rbc1 Qb8 28. Rf1 Qxg3+ 29. Kg1 R8e6 30. Qd2 Nd5 0-1

[Event "SE-2019-0-00296"]
[Site "LSS email"]
[Date "2019.07.01"]
[Round "?"]
[White "Helmbrecht, John R"]
[Black "Wilshusen, Horst"]
[Result "1-0"]
[WhiteElo "1397"]
[BlackElo "1309"]
[PlyCount "59"]
[EventDate "2019.02.11"]
[EventType "tourn (corr)"]
[EventRounds "6"]
[EventCountry "GER"]
[SourceTitle "Corr 2022"]
[Source "ChessBase"]
[SourceDate "2021.10.24"]
[SourceVersion "1"]
[SourceVersionDate "2021.10.24"]
[SourceQuality "1"]

1. e4 c6 2. d4 d5 3. e5 Bf5 4. Nf3 e6 5. Be2 Nd7 6. 0-0 h6 7. Nbd2 b5 8. a4 b4 9. Nb3 a5 10. c3 Qb6 11. c4 Be7 12. Be3 Qb7 13. cxd5 cxd5 14. Bb5 Kf8 15. Rc1 Nb8 16. Ne1 g5 17. Nd3 Kg7 18. Nbc5 Bxc5 19. Nxc5 Qb6 20. g4 Bg6 21. f4 gxf4 22. Rxf4 Ne7 23. Qf1 Ra7 24. Qh3 Nbc6 25. Qh4 Ng8 26. Nxe6+ fxe6 27. Rxc6 Qb8 28. Rxe6 Bf7 29. Rc6 Ne7 30. Qf6+ 1-0

[Event "LSS No Engine Cup 187 Preliminary 0"]
[Site "LSS email"]
[Date "2019.02.11"]
[Round "?"]
[White "Madrid, Pedro"]
[Black "Helmbrecht, John R"]
[Result "1/2-1/2"]
[WhiteElo "1688"]
[BlackElo "1849"]
[PlyCount "70"]
[EventDate "2019.02.12"]
[EventType "tourn (corr)"]
[EventRounds "6"]
[EventCountry "GER"]
[SourceTitle "Corr 2022"]
[Source "ChessBase"]
[SourceDate "2021.10.24"]
[SourceVersion "1"]
[SourceVersionDate "2021.10.24"]
[SourceQuality "1"]

1. Nf3 d5 2. d4 c6 3. c4 dxc4 4. e3 Be6 5. Nc3 b5 6. a4 b4 7. Ne4 Nf6 8. Neg5 Bd5 9. Bd2 a5 10. Ne5 h6 11. Ngf3 Ne4 12. Nxc4 Nd7 13. Nfe5 Nxe5 14. Nxe5 e6 15. Rc1 Qf6 16. Nf3 Bd6 17. Bc4 Kd7 18. Qe2 g5 19. Bxd5 exd5 20. 0-0 Rhc8 21. Ne1 Qe6 22. f3 Nxd2 23. Qxd2 Re8 24. Kf2 Bxh2 25. Nd3 Bd6 26. Nc5+ Bxc5 27. Rxc5 f5 28. Rfc1 Rec8 29. Qd3 Rc7 30. Rh1 Kc8 31. Qc2 Kb7 32. Rc1 Re8 33. Qd3 Ra8 34. Qc2 Re8 35. Qd3 Ra8 1/2-1/2

[Event "SD-2019-0-00298"]
[Site "LSS email"]
[Date "2019.01.22"]
[Round "?"]
[White "Drobotov, Gennady Sergeevich"]
[Black "Helmbrecht, John R"]
[Result "0-1"]
[WhiteElo "1589"]
[BlackElo "1407"]
[PlyCount "21"]
[EventDate "2018.10.20"]
[EventType "tourn (corr)"]
[EventRounds "6"]
[EventCountry "GER"]
[SourceTitle "Corr 2022"]
[Source "ChessBase"]
[SourceDate "2021.10.24"]
[SourceVersion "1"]
[SourceVersionDate "2021.10.24"]
[SourceQuality "1"]

1. a3 d5 2. d4 Nf6 3. Nf3 e6 4. e3 c5 5. Be2 Bd6 6. 0-0 0-0 7. dxc5 Bxc5 8. Nbd2 Nc6 9. b4 Bd6 10. c4 a5 11. b5 0-1

[Event "SD-2019-0-00298"]
[Site "LSS email"]
[Date "2019.01.22"]
[Round "?"]
[White "Helmbrecht, John R"]
[Black "Aydin, Cagakan"]
[Result "1-0"]
[WhiteElo "1407"]
[BlackElo "1173"]
[PlyCount "39"]
[EventDate "2018.10.20"]
[EventType "tourn (corr)"]
[EventRounds "6"]
[EventCountry "GER"]
[SourceTitle "Corr 2022"]
[Source "ChessBase"]
[SourceDate "2021.10.24"]
[SourceVersion "1"]
[SourceVersionDate "2021.10.24"]
[SourceQuality "1"]

1. d4 f5 2. c4 e6 3. Nc3 Nf6 4. e3 d5 5. Bd3 c6 6. Qc2 Bd6 7. Nge2 0-0 8. f3 b6 9. 0-0 c5 10. b3 Nc6 11. Nb5 Nb4 12. Qc3 Bb8 13. Bb1 dxc4 14. bxc4 a6 15. Na3 Bd6 16. Nc2 Qc7 17. g3 Nc6 18. a4 Bd7 19. Bb2 Rae8 20. Ne1 1-0

[Event "LSS No Engine Cup 185 Preliminary 0"]
[Site "LSS email"]
[Date "2018.12.28"]
[Round "?"]
[White "Helmbrecht, John R"]
[Black "Henke, Simon"]
[Result "1/2-1/2"]
[WhiteElo "1843"]
[BlackElo "1994"]
[PlyCount "28"]
[EventDate "2018.12.29"]
[EventType "tourn (corr)"]
[EventRounds "6"]
[EventCountry "GER"]
[SourceTitle "Corr 2022"]
[Source "ChessBase"]
[SourceDate "2021.10.24"]
[SourceVersion "1"]
[SourceVersionDate "2021.10.24"]
[SourceQuality "1"]

1. d4 d5 2. c4 e6 3. Nf3 a6 4. cxd5 exd5 5. Nc3 Nf6 6. Bg5 Be6 7. e3 Nbd7 8. Bd3 h6 9. Bf4 g5 10. Bg3 Nh5 11. Be5 Ng7 12. Bg3 Nh5 13. Be5 Ng7 14. Bg3 Nh5 1/2-1/2

[Event "LSS No Engine Cup 185 Preliminary 0"]
[Site "LSS email"]
[Date "2018.12.28"]
[Round "?"]
[White "Helmbrecht, John R"]
[Black "Ploscaru, Stelian"]
[Result "0-1"]
[WhiteElo "1843"]
[BlackElo "1600"]
[PlyCount "70"]
[EventDate "2018.12.29"]
[EventType "tourn (corr)"]
[EventRounds "6"]
[EventCountry "GER"]
[SourceTitle "Corr 2022"]
[Source "ChessBase"]
[SourceDate "2021.10.24"]
[SourceVersion "1"]
[SourceVersionDate "2021.10.24"]
[SourceQuality "1"]

1. d4 d5 2. c4 c6 3. Nf3 e6 4. e3 Nf6 5. Bd3 Nbd7 6. 0-0 dxc4 7. Bxc4 Bd6 8. Nc3 0-0 9. Qc2 b5 10. Bd3 Bb7 11. a3 a5 12. e4 e5 13. dxe5 Nxe5 14. Nxe5 Bxe5 15. h3 Ba6 16. Rd1 Qe7 17. Be3 b4 18. Na4 Bxd3 19. Rxd3 Nxe4 20. Qxc6 bxa3 21. Rdxa3 Rfc8 22. Qb5 Nd6 23. Qe2 Nc4 24. Rb3 Bd4 25. Re1 Nxe3 26. fxe3 Bf6 27. Nb6 Qb7 28. Qb5 Rab8 29. Nxc8 Qxb5 30. Rxb5 Rxb5 31. Nd6 Rxb2 32. Nc4 Ra2 33. Rb1 g6 34. Rb5 a4 35. Ra5 Bc3 0-1

[Event "CP-2018-P-00029"]
[Site "LSS email"]
[Date "2018.09.27"]
[Round "?"]
[White "Selmeczi, Jozsef"]
[Black "Helmbrecht, John R"]
[Result "1-0"]
[WhiteElo "1730"]
[BlackElo "1412"]
[PlyCount "71"]
[EventDate "2018.10.01"]
[EventType "tourn (corr)"]
[EventRounds "6"]
[EventCountry "GER"]
[SourceTitle "Corr 2022"]
[Source "ChessBase"]
[SourceDate "2021.10.24"]
[SourceVersion "1"]
[SourceVersionDate "2021.10.24"]
[SourceQuality "1"]

1. d4 Nf6 2. Nf3 d5 3. c4 e6 4. Nc3 Be7 5. g3 0-0 6. cxd5 exd5 7. Bg2 c6 8. 0-0 Bf5 9. Nh4 Be6 10. Qc2 Re8 11. Nf5 Bf8 12. Nh4 Nbd7 13. Nf3 g6 14. Bf4 Bg7 15. Rfd1 h6 16. Be3 Bf5 17. Qc1 Kh7 18. Nh4 Be6 19. Qc2 Nb6 20. b3 Nc8 21. Bf4 Nd6 22. Be5 Nf5 23. Nxf5 Bxf5 24. Qd2 Ne4 25. Bxe4 Bxe4 26. Bxg7 Kxg7 27. f3 Bf5 28. Re1 Qd6 29. e4 dxe4 30. fxe4 Bg4 31. e5 Qd7 32. Ne4 Red8 33. Nd6 Bf3 34. Rf1 Bd5 35. Rf6 Rf8 36. Nf5+ 1-0

[Event "LSS No Engine Cup 181 Preliminary 0"]
[Site "LSS email"]
[Date "2018.08.20"]
[Round "?"]
[White "Csoma, Robert"]
[Black "Helmbrecht, John R"]
[Result "0-1"]
[WhiteElo "1257"]
[BlackElo "1833"]
[PlyCount "96"]
[EventDate "2018.08.21"]
[EventType "tourn (corr)"]
[EventRounds "6"]
[EventCountry "GER"]
[SourceTitle "Corr 2022"]
[Source "ChessBase"]
[SourceDate "2021.10.24"]
[SourceVersion "1"]
[SourceVersionDate "2021.10.24"]
[SourceQuality "1"]

1. Nf3 d5 2. d4 Nf6 3. c4 e6 4. Bg5 Be7 5. e3 h6 6. Bh4 0-0 7. Bd3 b6 8. 0-0 Bb7 9. Nc3 Nbd7 10. Rc1 c5 11. cxd5 exd5 12. dxc5 bxc5 13. Bb1 Qb6 14. b3 Rfe8 15. Na4 Qa5 16. Qd2 Qxd2 17. Nxd2 Rac8 18. Bf5 g6 19. Bxd7 Nxd7 20. Bxe7 Rxe7 21. Rc2 Re6 22. Rfc1 Rec6 23. h3 Kg7 24. g3 Ba6 25. Nb2 Ne5 26. Na4 Nd3 27. Rd1 Nb4 28. Rb2 R6c7 29. a3 Nd3 30. Rc2 c4 31. b4 Bb7 32. Nf3 Rc6 33. Nc3 Ra6 34. Ra2 Rd8 35. Ne1 d4 36. exd4 Nxe1 37. Rxe1 Rxd4 38. Re7 Bf3 39. Re3 Rd3 40. a4 Rad6 41. Rxd3 cxd3 42. Rd2 Kf6 43. b5 Ke5 44. Nd1 Kd4 45. Kf1 Bxd1 46. Rxd1 Kc3 47. Ra1 d2 48. Rd1 Kc2 0-1

[Event "SD-2018-0-00288"]
[Site "LSS email"]
[Date "2018.04.14"]
[Round "?"]
[White "Debonis, Patrick"]
[Black "Helmbrecht, John R"]
[Result "1-0"]
[WhiteElo "1755"]
[BlackElo "1378"]
[PlyCount "97"]
[EventDate "2018.01.13"]
[EventType "tourn (corr)"]
[EventRounds "6"]
[EventCountry "GER"]
[SourceTitle "Corr 2022"]
[Source "ChessBase"]
[SourceDate "2021.10.24"]
[SourceVersion "1"]
[SourceVersionDate "2021.10.24"]
[SourceQuality "1"]

1. d4 d5 2. c4 c6 3. Nf3 Nf6 4. Nc3 dxc4 5. a4 e6 6. e4 Bb4 7. Bg5 h6 8. Bxf6 Qxf6 9. Bxc4 0-0 10. 0-0 Nd7 11. Qb3 a5 12. Na2 Qe7 13. Nxb4 Qxb4 14. Qxb4 axb4 15. a5 Nf6 16. Bd3 Rd8 17. Rfd1 Bd7 18. e5 Nd5 19. Nd2 b5 20. Nb3 Ra7 21. g3 Rda8 22. Be4 Kf8 23. Kg2 Ke7 24. Re1 Be8 25. Rac1 Ra6 26. Bb1 R6a7 27. Bd3 Ra6 28. Be2 R6a7 29. Bf3 Ra6 30. Rcd1 R6a7 31. Ra1 Ra6 32. Bxd5 exd5 33. g4 R6a7 34. f4 g6 35. f5 gxf5 36. gxf5 Bd7 37. f6+ Kd8 38. Kf3 Bf5 39. Rg1 Kc7 40. Kf4 Bg6 41. e6 Rg8 42. exf7 Bxf7 43. Rxg8 Bxg8 44. Rg1 Bf7 45. Ke5 Ra8 46. Rg7 Re8+ 47. Kf5 Rf8 48. Nc5 Kd6 49. a6 1-0

[Event "SD-2018-0-00288"]
[Site "LSS email"]
[Date "2018.04.11"]
[Round "?"]
[White "Helmbrecht, John R"]
[Black "Cole, Steve"]
[Result "0-1"]
[WhiteElo "1378"]
[BlackElo "1459"]
[PlyCount "90"]
[EventDate "2018.01.13"]
[EventType "tourn (corr)"]
[EventRounds "6"]
[EventCountry "GER"]
[SourceTitle "Corr 2022"]
[Source "ChessBase"]
[SourceDate "2021.10.24"]
[SourceVersion "1"]
[SourceVersionDate "2021.10.24"]
[SourceQuality "1"]

1. d4 Nf6 2. c4 g6 3. Nc3 Bg7 4. Nf3 0-0 5. Bg5 h6 6. Bh4 d6 7. e3 Nbd7 8. Be2 c5 9. 0-0 Re8 10. Qc2 b6 11. Rfd1 Bb7 12. d5 g5 13. Bg3 Nh5 14. Ne1 Nhf6 15. a3 a6 16. Rab1 b5 17. cxb5 axb5 18. Bxb5 Nh5 19. Qe2 Nxg3 20. hxg3 Qc7 21. Qc2 Reb8 22. Be2 Ba6 23. Bxa6 Rxa6 24. Nd3 Qb7 25. e4 Qb3 26. Qxb3 Rxb3 27. Nc1 Rb8 28. N1e2 Rab6 29. b4 cxb4 30. Rxb4 Rxb4 31. axb4 Rxb4 32. f3 Rb3 33. Rc1 Nc5 34. g4 Kh7 35. Rc2 Kg6 36. Kf2 Nd3+ 37. Kg1 Be5 38. Rd2 Nc5 39. Rc2 h5 40. gxh5+ Kxh5 41. g3 Nd3 42. Rd2 Ne1 43. Kf2 Bxc3 44. Nxc3 Rxc3 45. Kxe1 Rxf3 0-1

[Event "SD-2018-0-00287"]
[Site "LSS email"]
[Date "2018.04.02"]
[Round "?"]
[White "Pech, Matej"]
[Black "Helmbrecht, John R"]
[Result "0-1"]
[WhiteElo "1616"]
[BlackElo "1373"]
[PlyCount "34"]
[EventDate "2017.12.05"]
[EventType "tourn (corr)"]
[EventRounds "6"]
[EventCountry "GER"]
[SourceTitle "Corr 2022"]
[Source "ChessBase"]
[SourceDate "2021.10.24"]
[SourceVersion "1"]
[SourceVersionDate "2021.10.24"]
[SourceQuality "1"]

1. c4 Nf6 2. Nc3 g6 3. Nf3 Bg7 4. d4 d6 5. e4 0-0 6. Be2 e5 7. dxe5 dxe5 8. Qxd8 Rxd8 9. Bg5 Re8 10. Nd5 Nxd5 11. cxd5 c6 12. Bc4 cxd5 13. Bxd5 Nd7 14. Nd2 Nc5 15. 0-0-0 Be6 16. Bxe6 Nxe6 17. Be3 Nf4 0-1

[Event "SD-2018-0-00287"]
[Site "LSS email"]
[Date "2018.03.25"]
[Round "?"]
[White "Helmbrecht, John R"]
[Black "Sofia, Gerardo"]
[Result "1/2-1/2"]
[WhiteElo "1373"]
[BlackElo "1481"]
[PlyCount "58"]
[EventDate "2017.12.05"]
[EventType "tourn (corr)"]
[EventRounds "6"]
[EventCountry "GER"]
[SourceTitle "Corr 2022"]
[Source "ChessBase"]
[SourceDate "2021.10.24"]
[SourceVersion "1"]
[SourceVersionDate "2021.10.24"]
[SourceQuality "1"]

1. d4 d5 2. c4 c6 3. Nf3 dxc4 4. e3 b5 5. a4 e6 6. b3 cxb3 7. axb5 Qb6 8. Qxb3 Nf6 9. Qb2 cxb5 10. Bxb5+ Nbd7 11. 0-0 Rb8 12. Nc3 a6 13. Bxd7+ Bxd7 14. Qa2 Bb4 15. Bd2 0-0 16. Na4 Bxa4 17. Bxb4 Qxb4 18. Qxa4 Qxa4 19. Rxa4 Rb6 20. Rfa1 Rfb8 21. h3 Rb1+ 22. Rxb1 Rxb1+ 23. Kh2 Rb2 24. Rxa6 g6 25. Ra8+ Kg7 26. Ra7 Ne4 27. Ne5 Rxf2 28. Rc7 g5 29. Ra7 h5 1/2-1/2

[Event "SD-2018-0-00287"]
[Site "LSS email"]
[Date "2018.03.18"]
[Round "?"]
[White "Helmbrecht, John R"]
[Black "Casser, Aaron"]
[Result "0-1"]
[WhiteElo "1373"]
[BlackElo "1468"]
[PlyCount "152"]
[EventDate "2017.12.05"]
[EventType "tourn (corr)"]
[EventRounds "6"]
[EventCountry "GER"]
[SourceTitle "Corr 2022"]
[Source "ChessBase"]
[SourceDate "2021.10.24"]
[SourceVersion "1"]
[SourceVersionDate "2021.10.24"]
[SourceQuality "1"]

1. d4 Nf6 2. c4 g6 3. Nf3 Bg7 4. Nc3 d5 5. Qb3 c6 6. cxd5 cxd5 7. Bg5 0-0 8. e3 Nc6 9. Bxf6 Bxf6 10. Nxd5 Bg7 11. Nc3 b6 12. Be2 Bb7 13. 0-0 Rc8 14. Rac1 Qd7 15. Rfd1 Rfd8 16. a3 Na5 17. Qa2 e6 18. h3 Qe8 19. Nb5 Bxf3 20. gxf3 Qe7 21. b4 Nc6 22. f4 a6 23. Nc3 b5 24. Bf3 Na7 25. Ne4 Qh4 26. Bg2 Nc6 27. Qe2 Ne7 28. Nc5 Nd5 29. Rc2 Rc6 30. Rdc1 h5 31. Nb7 Rxc2 32. Qxc2 Rf8 33. Qe4 Qe7 34. Na5 Qd7 35. Qc2 Nxf4 36. exf4 Qxd4 37. Qe4 Qb2 38. Rb1 Qxa3 39. Qe3 Qxe3 40. fxe3 Rd8 41. Nc6 Rd3 42. Kf2 Rc3 43. Nb8 Rc2+ 44. Kf3 Ra2 45. Rb3 Bf6 46. Kg3 h4+ 47. Kf3 Kg7 48. Bf1 g5 49. Nd7 Be7 50. Ne5 gxf4 51. exf4 Ra1 52. Bd3 Rg1 53. Kf2 Rg3 54. Bc2 Rxb3 55. Bxb3 Bxb4 56. Kf3 Bd6 57. Kg4 a5 58. Kxh4 Kf6 59. Kg4 Bxe5 60. fxe5+ Kxe5 61. Kg5 a4 62. Bc2 Kd4 63. h4 Kc3 64. Bxa4 bxa4 65. h5 a3 66. h6 a2 67. h7 f6+ 68. Kg6 a1Q 69. h8Q Qg1+ 70. Kf7 e5 71. Qxf6 Qd4 72. Qf3+ Qd3 73. Qf2 e4 74. Qe1+ Kc4 75. Ke6 e3 76. Qc1+ Kb3 0-1